000 00581nam a22002297a 4500
003 UA-OsUOA
001 864
007 ta
008 20050706b un ||||| |||| 00| 0 ukr d
100 _aШифман И.Ш.
090 _a929:94
_bШ65
942 _cBK
040 _aUA-OsUOA
_brus
_cUA-OsUOA
_dUA-OsUOA
245 _aАлександр Македонский
300 _a205 с.
955 _a3
041 _arus
080 _a929:94
260 _aСПб
_bНаука
_c1988
650 7 _a9 Географія. Біографії. Історія
_2UDC
999 _c287043
_d287043